000
00458 a2200217 4500
260
_a
Paris
260
_b
Vigot
245
_a
Checklist : réanimation médicale
650
_a
REANIMATION
100
_a
Schuster, H.-P.
700
_a
Pop, T.
700
_a
Welermann, S.
260
_c
1997
300
_a
351 p.
035
_a
8461
035
_a
8460
035
_a
9263
999
_c
18249
_d
18249